| 000 | 00883nam a22002531u 4500 | ||
|---|---|---|---|
| 001 | 05437 | ||
| 003 | HDC | ||
| 007 | cr bn --- | ||
| 008 | 210120p2008 xx fo d 00 engg | ||
| 040 | _aHDC | ||
| 100 |
_aREZAI, GOLNAZ., _eauthor _9186 |
||
| 245 | 0 |
_aCONSUMERS' CONFIDENCE IN HALAL LABELED MANUFACTURED FOOD IN MALAYSIA / _cby GOLNAZ REZAI |
|
| 260 |
_a[No place] : _b[publisher not identified], _c2008 |
||
| 300 | _a249 pages : illustrations | ||
| 336 |
_atext _2rdacontent |
||
| 337 |
_acomputer _2rdamedia |
||
| 338 |
_aonline resource _2rdacarrier |
||
| 650 |
_aHalal food industry _zMalaysia _9218 |
||
| 650 |
_aHalal food _950 |
||
| 856 | _zRequest full-text at [email protected] | ||
| 942 | _2lcc | ||
| 942 | _cTHE | ||
| 942 | _kTHES 000013 | ||
| 999 |
_c2761 _d2761 |
||